000 00460nam a2200193Ia 4500
003 0100
008 130303s9999 xx 000 0 und d
040 _cARRUPELIB
050 _aJC578.M67 1994
100 _aSterba, James P. (et al.)
245 _aMorality and social justice
245 _bPoint/counterpoint
260 _aUSA
260 _bRowman Littlefield Publishers, Inc.
260 _C1994
300 _a308p
650 _bEthics
942 0 0 _01
999 _c18747
_d18747